[Event "Madeira AEJ op 11th"]
[Site "Sao Joao da Madeira"]
[Date "2014.10.11"]
[Round "5"]
[White "Silva, Mariana Sofia Teixe"]
[Black "Marques, Jose Carlos Oliveir"]
[Result "1-0"]
[WhiteElo "1698"]
[BlackElo "1449"]
[PlyCount "77"]
[EventDate "2014.10.04"]
[EventType "swiss"]
[EventRounds "7"]
[EventCountry "POR"]
[SourceTitle "EXT 2018"]
[Source "ChessBase"]
[SourceDate "2017.10.13"]
[SourceVersion "1"]
[SourceVersionDate "2017.10.13"]
[SourceQuality "1"]

1. e4 c6 2. d4 d5 3. Nc3 dxe4 4. Nxe4 Bf5 5. Ng3 Bg6 6. N1e2 e6 7. Nf4 Ne7 8. h4 h6 9. Nxg6 Nxg6 10. Qg4 Nd7 11. Bd3 Nf6 12. Qe2 Ne7 13. c3 Ned5 14. Bd2 Bd6 15. Nf5 Bf8 16. h5 Qb6 17. 0-0-0 0-0-0 18. Nh4 Bd6 19. g3 Rhe8 20. f4 Nc7 21. Nf3 Qa5 22. Kb1 Nb5 23. c4 Na3+ 24. Ka1 Qa4 25. bxa3 Qxa3 26. Rb1 Bc7 27. Rb3 Qe7 28. Bc3 Ng4 29. Ne5 Nxe5 30. fxe5 Qd7 31. Rhb1 b6 32. Be4 c5 33. dxc5 Qe7 34. cxb6 Bxb6 35. c5 Qxc5 36. Qa6+ Kd7 37. Rd1+ Ke7 38. Qb7+ Qc7 39. Bb4+ 1-0